[Event "chess.com Speed 2019"]
[Site "chess.com INT"]
[Date "2019.10.01"]
[Round "1.23"]
[White "Nakamura,Hi"]
[Black "Dobrov,V"]
[Result "1-0"]
[WhiteElo "2745"]
[BlackElo "2478"]

1.e4 c5 2.Nf3 Nc6 3.Bb5 e6 4.O-O Nge7 5.d4 cxd4 6.Nxd4 Ng6 7.Be2 Qc7 8.Be3 b6
9.Nb5 Qb8 10.c4 Bb7 11.Qd2 a6 12.Nd4 Bc5 13.Nc3 O-O 14.Nb3 d6 15.f4 Qc7 16.Na4 e5
17.f5 Nf4 18.Bf3 Rad8 19.g3 b5 20.cxb5 axb5 21.Nc3 b4 22.Nd1 g6 23.gxf4 exf4
24.Bf2 Ba6 25.Qxf4  1-0

[Event "chess.com Speed 2019"]
[Site "chess.com INT"]
[Date "2019.10.01"]
[Round "1.21"]
[White "Nakamura,Hi"]
[Black "Dobrov,V"]
[Result "0-1"]
[WhiteElo "2745"]
[BlackElo "2478"]

1.e4 c6 2.d4 d5 3.exd5 cxd5 4.Bd3 Nc6 5.c3 Qc7 6.Ne2 Bg4 7.f3 Bd7 8.Bf4 e5
9.dxe5 Nxe5 10.O-O Bd6 11.Bc2 Nf6 12.Nd2 O-O 13.Kh1 Rfe8 14.Nb3 Nc4 15.Bxd6 Qxd6
16.Re1 Ne3 17.Qd2 Nc4 18.Qc1 Re5 19.Bd3 Rae8 20.Nbd4 Rh5 21.Qf4 Rhe5 22.Bxc4 dxc4
23.Red1 Nd5 24.Qg3 Ne3 25.Rd2 Qh6 26.Qf4 Qh5 27.Ng3 Nd5  0-1

[Event "chess.com Speed 2019"]
[Site "chess.com INT"]
[Date "2019.10.01"]
[Round "1.20"]
[White "Dobrov,V"]
[Black "Nakamura,Hi"]
[Result "0-1"]
[WhiteElo "2478"]
[BlackElo "2745"]

1.d4 Nf6 2.c4 e6 3.Nf3 d5 4.Nc3 dxc4 5.e4 Bb4 6.Bxc4 Nxe4 7.O-O Nxc3 8.bxc3 Be7
9.Ne5 O-O 10.Qg4 Nc6 11.Bh6 Bf6 12.Rae1 Kh8 13.Bc1 Nxe5 14.dxe5 Be7 15.Rd1 Qe8
16.Rd3 f5 17.exf6 Bxf6 18.Rh3 e5  0-1

[Event "chess.com Speed 2019"]
[Site "chess.com INT"]
[Date "2019.10.01"]
[Round "1.19"]
[White "Nakamura,Hi"]
[Black "Dobrov,V"]
[Result "1-0"]
[WhiteElo "2745"]
[BlackElo "2478"]

1.e3 d5 2.c4 c6 3.Nf3 Nf6 4.d4 e6 5.Bd3 Nbd7 6.Nbd2 Bd6 7.O-O O-O 8.e4 e5
9.cxd5 cxd5 10.exd5 exd4 11.Nxd4 Nc5 12.Bc2 Bg4 13.N2f3 Nxd5 14.h3 Bh5 15.Nf5 Re8
16.Bg5 Qd7 17.Qd4 Ne6 18.Qh4 Bxf3 19.Nxd6 h6 20.Nxe8 Nxg5 21.Qg3 Rxe8 22.h4 Be4
23.hxg5 Bxc2 24.gxh6 Bg6 25.hxg7 Qb5 26.Rad1 Kxg7 27.Rd4 Nf6 28.Qc3 Kg8 29.Rfd1 Ne4
30.Qb4 Qe2 31.Rf1 b6 32.Qa4 Nc5 33.Qxa7 Qxb2 34.Rd6 Bd3 35.Rxb6 Qe2 36.Ra1 Qe5
37.Rc1 Qf4 38.Rd1 Bc2 39.Rf1 Bd3 40.Rd1 Bc2 41.Ra1 Qe5 42.Rc1 Qf4 43.Qa3 Nd3
44.Rf1 Nxf2 45.Qc3 Nd1 46.Rxf4 Nxc3 47.Rc4 Ne2+ 48.Kf2 Bd3 49.Rg4+ Kf8 50.Rd6 Bc4
51.Rxc4  1-0

[Event "chess.com Speed 2019"]
[Site "chess.com INT"]
[Date "2019.10.01"]
[Round "1.18"]
[White "Dobrov,V"]
[Black "Nakamura,Hi"]
[Result "0-1"]
[WhiteElo "2478"]
[BlackElo "2745"]

1.e4 Nf6 2.e5 Nd5 3.d4 Nb6 4.Nf3 d6 5.Be2 Nc6 6.exd6 cxd6 7.c4 g6 8.Be3 Bg7
9.Nbd2 d5 10.c5 Nd7 11.O-O O-O 12.Qb3 Nf6 13.Qa3 a5 14.h3 b6 15.Rac1 Ba6
16.Bxa6 Rxa6 17.Ne5 bxc5 18.Nxc6 Rxc6 19.Rxc5 Rxc5 20.Qxc5 e6 21.Rc1 a4 22.Qa7 Qa8
23.Rc7 Qe8 24.Bf4 Qd8 25.Qxa4 Nh5 26.Bh2 e5 27.Qd7 exd4 28.Qxd8 Rxd8 29.Rb7 d3
30.Rb3 Rc8 31.Rxd3 Bxb2 32.g4 Nf6 33.Rb3 Rc2 34.Nf3 h5 35.g5 Ne4 36.Rb8+ Kh7
37.Bg3 Nxg3 38.fxg3 Ba3 39.Rd8 Bc5+ 40.Kh1 Rxa2 41.Rxd5 Bf2 42.Kg2 Be1+ 43.Kf1 Bxg3
44.Rd2 Ra5 45.Kg2 Bf4 46.Rd7 Kg7 47.h4 Ra2+ 48.Kh3 Rf2 49.Rd3 Kf8 50.Rb3 Ke7
51.Ra3 Kd6 52.Rd3+ Kc5 53.Ra3 Kd5 54.Rd3+ Ke4 55.Rd4+ Ke3  0-1

[Event "Tata Steel India Rapid"]
[Site "Kolkata IND"]
[Date "2019.11.22"]
[Round "3.1"]
[White "Nakamura,Hi"]
[Black "Giri,A"]
[Result "1-0"]
[WhiteElo "2741"]
[BlackElo "2776"]

1.e4 c5 2.Nf3 d6 3.Bb5+ Nd7 4.Ba4 Nf6 5.O-O e6 6.Re1 a6 7.c3 b5 8.Bc2 c4
9.a4 Bb7 10.d4 cxd3 11.Qxd3 Nc5 12.Qe2 bxa4 13.Be3 Bxe4 14.Bxc5 Bxc2 15.Qxc2 dxc5
16.Qxa4+ Qd7 17.Ne5 Qxa4 18.Rxa4 Bd6 19.Nc4 Bc7 20.Nbd2 Ke7 21.Rea1 a5 22.Nb3 Nd7
23.Nbxa5 Bxa5 24.Rxa5 Rxa5 25.Rxa5 e5 26.Kf1 h5 27.h4 Rb8 28.Ke2 Rb7 29.Kd3 f6
30.Ke4 Rc7 31.Kd5 f5 32.Ra6 e4 33.Ne3 Nf6+ 34.Ke5 Rd7 35.Nxf5+ Kf7 36.Nd6+ Ke7
37.Nxe4 Nxe4 38.Kxe4 Rd2 39.Ke3 Rxb2 40.Rg6 Kf7 41.Rg5 c4 42.Rc5  1-0

[Event "Tata Steel India Rapid"]
[Site "Kolkata IND"]
[Date "2019.11.24"]
[Round "9.1"]
[White "Nakamura,Hi"]
[Black "Nepomniachtchi,I"]
[Result "1/2-1/2"]
[WhiteElo "2741"]
[BlackElo "2773"]

1.e4 c5 2.Nf3 d6 3.Bb5+ Nd7 4.Ba4 Nf6 5.O-O e6 6.Re1 a6 7.c3 b5 8.Bc2 c4
9.a4 Bb7 10.d4 cxd3 11.Qxd3 Nc5 12.Qe2 bxa4 13.Be3 Nfd7 14.Bd4 e5 15.Bxc5 Nxc5
16.Rxa4 Be7 17.Ra2 O-O 18.Nbd2 a5 19.Nb3 Ba6 20.Qd1 Bc4 21.Nfd2 Be6 22.Ra1 Nd7
23.Nc1 Qb6 24.Bb3 Nc5 25.Bxe6 fxe6 26.Nc4 Qb5 27.Qe2 a4 28.Na2 Rfc8 29.Na3  1/2-1/2

[Event "chess.com Speed 2019"]
[Site "chess.com INT"]
[Date "2019.12.04"]
[Round "2.25"]
[White "Nakamura,Hi"]
[Black "Duda,J"]
[Result "1-0"]
[WhiteElo "2745"]
[BlackElo "2730"]

1.e4 b6 2.d4 Bb7 3.Bd3 e6 4.Nd2 d5 5.e5 Ba6 6.Bxa6 Nxa6 7.c3 Nb8 8.f4 Qd7
9.Ne2 f5 10.exf6 Nxf6 11.Nf3 Nc6 12.Ng3 O-O-O 13.O-O Bd6 14.a4 a5 15.Ne5 Bxe5
16.fxe5 Ng8 17.b4 axb4 18.a5 bxc3 19.axb6 cxb6 20.Ne2 Kb7 21.Nxc3 Nge7 22.Nb5 Ra8
23.Nd6+ Kc7 24.Nb5+ Kb7 25.Nd6+ Kc7 26.Ba3 Ra5 27.Rc1 Rha8 28.Qd3 Nf5 29.Rc3 Nxd6
30.Bxd6+ Kb7 31.Qxh7 Ra1 32.Qd3 Rxf1+ 33.Qxf1 Ra4 34.Rf3 Nd8 35.Rf4 Rc4 36.h4 Qc6
37.Kh2 Rc1 38.Qf3 Qc2 39.Rf8 Nc6 40.Qf7+ Ka6 41.Ra8+ Kb5 42.Qb7 Nb4 43.Bxb4 Qe4
44.Qa6+ Kxb4 45.Qa3+  1-0

[Event "chess.com Speed 2019"]
[Site "chess.com INT"]
[Date "2019.12.04"]
[Round "2.27"]
[White "Nakamura,Hi"]
[Black "Duda,J"]
[Result "0-1"]
[WhiteElo "2745"]
[BlackElo "2730"]

1.e3 d5 2.Ke2 Nf6 3.d4 e5 4.dxe5 Nfd7 5.Qxd5 Nc6 6.Nf3 Qe7 7.Nc3 Ndxe5 8.Ke1 Be6
9.Qe4 f5 10.Qf4 Nxf3+ 11.gxf3 O-O-O 12.a3 g5 13.Qa4 Kb8 14.Be2 f4 15.Ne4 Bg7
16.Bd2 Rd5 17.Bc4 Rhd8 18.Bxd5 Bxd5 19.Bc3 Bxc3+ 20.bxc3 Ne5 21.Rd1 Nxf3+
22.Ke2 g4 23.Rd3 Bc6 24.Qb4 Qe8 25.Nf6 Rxd3 26.cxd3 Qf7 27.Rb1 a5 28.Nd7+ Qxd7
29.Qxf4 Qe6 30.c4 h5 31.Qf8+ Ka7 32.Qc5+ b6 33.Qxh5 Kb7 34.Qxa5 Nxh2 35.c5 Qa2+  0-1

[Event "chess.com Speed 2019"]
[Site "chess.com INT"]
[Date "2019.12.04"]
[Round "2.16"]
[White "Duda,J"]
[Black "Nakamura,Hi"]
[Result "1-0"]
[WhiteElo "2730"]
[BlackElo "2745"]

1.d4 Nf6 2.c4 e6 3.Nf3 d5 4.Nc3 Be7 5.Bg5 h6 6.Bh4 O-O 7.e3 Ne4 8.Bxe7 Qxe7
9.cxd5 Nxc3 10.bxc3 exd5 11.Qb3 Rd8 12.a4 a5 13.Be2 c6 14.O-O Bf5 15.Ne5 Bc8
16.Rab1 Nd7 17.Nxd7 Qxd7 18.c4 Qe7 19.c5 Qg5 20.Bf3 Bf5 21.Rb2 Rd7 22.Qc3 Qg6
23.Ra1 Bd3 24.Ra3 Bc4 25.Be2 Bxe2 26.Rxe2 f5 27.Rb3 Re7 28.Reb2 f4 29.exf4 Rae8
30.h3 Re1+ 31.Kh2 Qf6 32.Qg3 Qxd4 33.Rxb7 Qf6 34.R2b6 Qa1 35.Qg6 Rh1+ 36.Kg3 Re3+
37.fxe3 Qe1+ 38.Kg4 Qe2+ 39.Kh4  1-0

[Event "chess.com Speed 2019"]
[Site "chess.com INT"]
[Date "2019.12.04"]
[Round "2.13"]
[White "Nakamura,Hi"]
[Black "Duda,J"]
[Result "1-0"]
[WhiteElo "2745"]
[BlackElo "2730"]

1.e4 e5 2.Nc3 Nf6 3.Bc4 Nc6 4.d3 Bc5 5.h3 Na5 6.Nge2 Nxc4 7.dxc4 h6 8.Qd3 d6
9.Be3 Bxe3 10.Qxe3 Be6 11.b3 c6 12.O-O Qb6 13.Qg3 O-O 14.Rad1 Rad8 15.Kh1 Qc7
16.f4 Nh5 17.Qe3 Nxf4 18.Nxf4 exf4 19.Rxf4 a6 20.Rf3 b5 21.cxb5 cxb5 22.Rd2 Rd7
23.Ne2 Qc5 24.Qf4 Rc8 25.Rfd3 Qg5 26.Qxg5 hxg5 27.Nd4 d5 28.e5 g4 29.h4 Rdc7
30.Kh2 b4 31.Kg3 Rc5 32.Rd1 Ra5 33.Ra1 Rc7 34.Kf4 Bd7 35.Re3 Rcc5 36.a4 bxa3
37.b4 Ra4 38.bxc5 Rxd4+ 39.Kg3 Rc4 40.Raxa3 d4 41.Re4 Bf5 42.Rf4 Bxc2 43.Rxa6 Rc3+
44.Kf2 g3+ 45.Ke1 Rxc5 46.Kd2 Bb3 47.Kd3 Rxe5 48.Rg4 Bd1 49.Rxg3 Be2+ 50.Kxd4 Bxa6
51.Kxe5 Bc8 52.Rc3 Be6 53.Rc6 Bd7 54.Rd6 Bg4 55.Kf4 Be6 56.g4 Kh7 57.Rxe6 fxe6
58.Ke5 Kg8 59.Kxe6 Kf8 60.Kf5 Kf7 61.Kg5 Kf8 62.Kg6 Kg8 63.g5 Kh8 64.Kf5 Kh7
65.Kf4 Kg6 66.Kg4 Kf7 67.Kf5 g6+ 68.Ke4 Ke6 69.Kf4 Kd6 70.Kg4 Ke6 71.h5 Kf7
72.h6 Kf8 73.Kf4 Kf7 74.Ke5  1-0

[Event "chess.com Speed 2019"]
[Site "chess.com INT"]
[Date "2019.12.04"]
[Round "2.26"]
[White "Duda,J"]
[Black "Nakamura,Hi"]
[Result "1-0"]
[WhiteElo "2730"]
[BlackElo "2745"]

1.Nf3 g6 2.c4 Bg7 3.Nc3 d6 4.d4 Bg4 5.h3 Bxf3 6.exf3 Nd7 7.Be3 e6 8.Be2 Ne7
9.g4 d5 10.f4 c6 11.Qd2 Nb6 12.c5 Nc4 13.Bxc4 dxc4 14.Ne4 O-O 15.Nd6 Nc8
16.Nxb7 Qd5 17.O-O-O Rb8 18.Na5 Ne7 19.Qc3 Qd7 20.Qxc4 Nd5 21.a3 Qc7 22.b4 Nxf4
23.h4 Nd5 24.h5 Rbd8 25.hxg6 fxg6 26.Rh3 e5 27.Rdh1 exd4 28.Bd2 Rxf2 29.Rxh7 Rxd2
30.Kxd2 Qf4+ 31.Kc2 Qf7 32.Kb3 Qf3+ 33.Ka4 Qf7 34.Kb3 Qf3+ 35.Kc2 d3+ 36.Kb1 Qe2
37.Rxg7+ Kxg7 38.Nxc6 Qf3 39.Rh2 d2 40.Rxd2 Nc3+ 41.Kc2 Rxd2+ 42.Kxd2 Nb1+
43.Kc1 Nxa3 44.Qd4+ Kh6 45.Ne5 Qf1+ 46.Kb2 Nb5 47.Qd2+ Kh7 48.Qd7+ Kh6 49.Qd3 Qf2+
50.Kb3 a6 51.Qxg6+  1-0

[Event "chess.com Speed 2019"]
[Site "chess.com INT"]
[Date "2019.12.04"]
[Round "2.3"]
[White "Nakamura,Hi"]
[Black "Duda,J"]
[Result "1-0"]
[WhiteElo "2745"]
[BlackElo "2730"]

1.e4 c5 2.Nf3 d6 3.d4 cxd4 4.Nxd4 Nf6 5.Nc3 a6 6.Be3 Ng4 7.Bc1 Nf6 8.a4 g6
9.Be2 Bg7 10.Be3 Nc6 11.Qd2 O-O 12.O-O Bd7 13.Nb3 Na5 14.f3 Rc8 15.Rfd1 Nxb3
16.cxb3 Be6 17.b4 Bb3 18.Rdc1 d5 19.e5 Nd7 20.f4 e6 21.Bg4 Qe7 22.Ne2 h5
23.Bf3 g5 24.Rxc8 Rxc8 25.Nd4 gxf4 26.Bxf4 Bc4 27.Re1 Bf8 28.Bxh5 Qxb4 29.Qf2 Qe7
30.Re3 Bg7 31.Rg3 Kf8 32.Bg5 Qe8 33.Bxf7 Qxf7 34.Rf3 Nxe5 35.Rxf7+ Nxf7 36.Nxe6+ Kg8
37.Nxg7 Nxg5 38.Nf5 Rf8 39.Qf4 Ne6 40.Qe5 d4 41.h4 d3 42.Ne3 Ba2 43.Qe4 d2
44.Kh2 Rd8 45.h5 Rd7 46.h6 Kf8 47.Qg6 d1=Q 48.Nxd1  1-0

[Event "chess.com Speed 2019"]
[Site "chess.com INT"]
[Date "2019.12.04"]
[Round "2.14"]
[White "Duda,J"]
[Black "Nakamura,Hi"]
[Result "0-1"]
[WhiteElo "2730"]
[BlackElo "2745"]

1.e4 e5 2.Nf3 Nc6 3.Bb5 d6 4.c3 Bd7 5.d4 g6 6.O-O Bg7 7.Re1 Nge7 8.dxe5 Nxe5
9.Nxe5 dxe5 10.Bxd7+ Qxd7 11.Qb3 Qc6 12.Bg5 Nc8 13.Na3 Nd6 14.f3 O-O 15.Rad1 Rfe8
16.h3 Qb6+ 17.Be3 Qxb3 18.axb3 Bf8 19.Re2 b6 20.Red2 a5 21.Rd5 Re6 22.Kf1 Kg7
23.Ke2 f6 24.Nc4 Rb8 25.Nxd6 Bxd6 26.g4 Kf7 27.Kd2 Ke7 28.Kc2 Kd7 29.h4 Kc6
30.Bh6 Rg8 31.Be3 Rf8 32.Rg1 Ree8 33.Rd2 Rf7 34.Rh2 f5 35.gxf5 gxf5 36.h5 fxe4
37.fxe4 Rf3 38.Bd2 Bf8 39.Rg8 Re7 40.Rhg2 Ref7 41.R8g5 Kd6 42.Rg8 Ke6 43.Rh8 Rh3
44.h6 Bxh6 45.Bxh6 Rxh6 46.Re8+ Re7 47.Rxe7+ Kxe7 48.Rg7+ Kd6 49.b4 a4 50.b5 Rh2+
51.Kb1 h5 52.Ka2 Re2 53.Rh7 Rxe4 54.Rxh5 Rc4 55.Rh6+ Kd5 56.Ka3 e4 57.Rh5+ Ke6
58.b3 Rxc3 59.Kxa4 e3 60.Kb4 e2 61.Rh1 Re3 62.Re1 Kd5 63.Ka4 Kd4 64.b4 Kc3
65.Rc1+ Kd3  0-1

[Event "chess.com Speed 2019"]
[Site "chess.com INT"]
[Date "2019.12.04"]
[Round "2.15"]
[White "Nakamura,Hi"]
[Black "Duda,J"]
[Result "1/2-1/2"]
[WhiteElo "2745"]
[BlackElo "2730"]

1.e4 c5 2.Nf3 Nf6 3.Bd3 Nc6 4.Nc3 a6 5.O-O e6 6.e5 Ng4 7.Re1 d5 8.exd6 Bxd6
9.Bf1 Qc7 10.g3 Nf6 11.d4 cxd4 12.Nxd4 Nxd4 13.Qxd4 Bc5 14.Qf4 Qxf4 15.Bxf4 Bd7
16.Ne4 Nxe4 17.Rxe4 Rc8 18.Rd1 Bc6 19.Rc4 Bd5 20.Rc3 Ke7 21.Bg2 Bxg2 22.Kxg2 Rhd8
23.Rxd8 Kxd8 24.a4 f6 25.Rd3+ Ke7 26.Rb3 b6 27.Kf3 e5 28.Be3  1/2-1/2

[Event "chess.com Speed 2019"]
[Site "chess.com INT"]
[Date "2019.12.04"]
[Round "2.5"]
[White "Nakamura,Hi"]
[Black "Duda,J"]
[Result "1-0"]
[WhiteElo "2745"]
[BlackElo "2730"]

1.e4 c5 2.Nf3 d6 3.c3 Nf6 4.Bd3 Bg4 5.h3 Bh5 6.Bc2 e6 7.d3 Nc6 8.Nbd2 Be7
9.Nf1 d5 10.Qe2 Qb6 11.Ng3 Bg6 12.O-O Qa6 13.e5 Nd7 14.h4 h6 15.a3 O-O-O
16.h5 Bh7 17.Rb1 c4 18.d4 Bxc2 19.Qxc2 Nb6 20.Be3 Qa4 21.Qe2 Na5 22.Nh2 Rde8
23.Ng4 Bh4 24.Kh2 Nd7 25.Kh3 Be7 26.f4 f5 27.exf6 Nxf6 28.Ne5 Rhf8 29.Rbe1 Bd6
30.Nh1 Kb8 31.g4 Ne4 32.Nf2 Nxf2+ 33.Bxf2 Nc6 34.Ng6 Rf7 35.f5 Nd8 36.Bh4 Qd7
37.Bxd8 Qxd8 38.fxe6 Rf6 39.e7 Qb6 40.Rxf6 gxf6 41.Qf2 Bc7 42.Re3 a6 43.Rf3 Qe6
44.Rxf6 Qe4 45.Qf3 Qe1 46.Rf8  1-0

[Event "chess.com Speed 2019"]
[Site "chess.com INT"]
[Date "2019.12.04"]
[Round "2.6"]
[White "Duda,J"]
[Black "Nakamura,Hi"]
[Result "1-0"]
[WhiteElo "2730"]
[BlackElo "2745"]

1.e4 e5 2.Nf3 Nc6 3.Bb5 Nf6 4.O-O Nxe4 5.d4 Nd6 6.Bxc6 dxc6 7.dxe5 Nf5 8.Qxd8+ Kxd8
9.h3 Ke8 10.Nc3 h5 11.Bf4 Be7 12.Rfe1 Be6 13.Ne4 h4 14.c3 Rd8 15.Nfg5 Rh6
16.Nxe6 Rxe6 17.g4 hxg3 18.fxg3 Rd3 19.Kh2 c5 20.h4 c4 21.h5 Kf8 22.Nf2 Rd5
23.Rad1 Rxd1 24.Rxd1 g5 25.hxg6 Rxg6 26.Ne4 Ra6 27.a3 Ng7 28.Kh3 Ne6 29.Kg4 Rb6
30.Rd2 Rb5 31.Bh6+ Ke8 32.Kf5 c6 33.g4 Rd5 34.g5 Nc7 35.Rxd5 Nxd5 36.Nf6+ Bxf6
37.exf6 Ne3+ 38.Ke5 Kd7 39.g6 Ng4+ 40.Kf4  1-0

[Event "chess.com Speed 2019"]
[Site "chess.com INT"]
[Date "2019.12.04"]
[Round "2.7"]
[White "Nakamura,Hi"]
[Black "Duda,J"]
[Result "0-1"]
[WhiteElo "2745"]
[BlackElo "2730"]

1.Nf3 Nf6 2.d3 d6 3.e4 c5 4.c3 g6 5.g3 Bg7 6.Bg2 O-O 7.O-O Nc6 8.h3 Rb8 9.Re1 e5
10.a3 b5 11.b4 a5 12.bxc5 dxc5 13.Qc2 Qe7 14.Be3 Rd8 15.Nbd2 Ba6 16.Bf1 h6
17.Rad1 Ne8 18.Nb3 Rbc8 19.Bxc5 Qc7 20.Qb2 a4 21.Nc1 Na5 22.Bb4 Nc6 23.Na2 Nxb4
24.Nxb4 Bb7 25.Rc1 Nd6 26.Bg2 Kh7 27.Qe2 Qe7 28.h4 Rc5 29.h5 Rdc8 30.hxg6+ fxg6
31.Qd2 Rd8 32.Qb2 Qc7 33.Nd2 Rc8 34.Bh3 Rf8 35.Nf1 Nf7 36.Bg2 Ng5 37.Nh2 Qf7
38.Qd2 Qb3 39.Nd5 Qxa3 40.Ra1 Qb3 41.Reb1 Bxd5 42.Rxb3 Bxb3 43.Ng4 Rfc8 44.d4 exd4
45.cxd4 Rc2 46.Qb4 Rc1+ 47.Rxc1 Rxc1+ 48.Kh2 Rc4 49.Qe7 Rc8 50.Nf6+ Kh8 51.Ne8 Bxd4
52.Qd7 Rxe8 53.Qxe8+ Kh7 54.Qd7+ Bg7  0-1

[Event "chess.com Speed 2019"]
[Site "chess.com INT"]
[Date "2019.12.04"]
[Round "2.8"]
[White "Duda,J"]
[Black "Nakamura,Hi"]
[Result "0-1"]
[WhiteElo "2730"]
[BlackElo "2745"]

1.e4 g6 2.d4 Bg7 3.Nc3 c6 4.f4 d5 5.e5 h5 6.Be2 Nh6 7.Nf3 Bg4 8.Be3 Nf5 9.Bf2 e6
10.O-O Nd7 11.h3 Bxf3 12.Bxf3 h4 13.Ne2 Bf8 14.b3 Ba3 15.c4 a5 16.Qc2 Qe7
17.Rab1 b5 18.c5 Bb4 19.Nc1 a4 20.Nd3 axb3 21.Rxb3 Ba5 22.a4 bxa4 23.Ra3 O-O
24.Rfa1 Bc7 25.Rxa4 Rxa4 26.Qxa4 Nb8 27.Qa8 Rc8 28.Qb7 Rd8 29.Ra7 Rd7 30.Qc8+ Kg7
31.Rxc7 Rxc7 32.Qxb8 Rb7 33.Qc8 Rb1+ 34.Kh2 Qa7 35.Bg4 Qa1 36.Be1 Rxe1 37.Nxe1 Ne3
38.Nc2 Nf1+ 39.Kg1 Qc1 40.Kf2 Ng3 41.Ne3 Qd2+ 42.Kf3 Qe2+  0-1

[Event "chess.com Speed 2019"]
[Site "chess.com INT"]
[Date "2019.12.04"]
[Round "2.2"]
[White "Duda,J"]
[Black "Nakamura,Hi"]
[Result "1-0"]
[WhiteElo "2730"]
[BlackElo "2745"]

1.e4 e5 2.Nf3 Nc6 3.Bb5 Nf6 4.O-O Nxe4 5.d4 Nd6 6.Bxc6 dxc6 7.dxe5 Nf5 8.Qxd8+ Kxd8
9.h3 Ke8 10.Nc3 h5 11.Bf4 Be7 12.Rfe1 Be6 13.Ne4 Rd8 14.c3 h4 15.Nfg5 Rh6
16.Nxe6 Rxe6 17.g4 hxg3 18.fxg3 c5 19.Re2 Rd3 20.h4 c4 21.Kh2 Ra6 22.a3 Rb6
23.Rf1 Rd5 24.h5 Rdb5 25.Rff2 Rd5 26.g4 Nh6 27.Bxh6 gxh6 28.Nf6+ Bxf6 29.exf6+ Re6
30.Rxe6+ fxe6 31.f7+ Kf8 32.Kg3 Rd3+ 33.Kh4 Rd1 34.Rf6 e5 35.Rxh6 Kxf7 36.Kg5 e4
37.Rh7+ Ke6 38.Kf4 Re1 39.Rxc7 e3 40.Rxb7  1-0

[Event "chess.com Speed 2019"]
[Site "chess.com INT"]
[Date "2019.12.04"]
[Round "2.1"]
[White "Nakamura,Hi"]
[Black "Duda,J"]
[Result "0-1"]
[WhiteElo "2745"]
[BlackElo "2730"]

1.Nf3 Nf6 2.d4 e6 3.c4 d5 4.Nc3 Bb4 5.Bd2 O-O 6.e3 b6 7.a3 Be7 8.Nxd5 exd5
9.Rc1 Ba6 10.Qa4 c5 11.dxc5 bxc5 12.Bc3 Ne4 13.Be5 Bxc4 14.Bxc4 dxc4 15.Qxc4 Nf6
16.O-O Nbd7 17.Bc3 Nb6 18.Qe2 Qd5 19.Rfd1 Qe6 20.Ba5 Rfd8 21.Nd2 Rd7 22.Nf3 Rad8
23.Rxd7 Rxd7 24.h3 h6 25.Qb5 Rd5 26.Qa6 Qd7 27.Qe2 Ne4 28.Ne1 Qa4 29.Bxb6 axb6
30.Rc4 Qd1  0-1

[Event "chess.com Speed 2019"]
[Site "chess.com INT"]
[Date "2019.12.04"]
[Round "2.24"]
[White "Duda,J"]
[Black "Nakamura,Hi"]
[Result "0-1"]
[WhiteElo "2730"]
[BlackElo "2745"]

1.d4 Nf6 2.Nf3 b6 3.c4 Bb7 4.Nc3 e6 5.Bg5 h6 6.Bh4 Bb4 7.e3 g5 8.Bg3 Ne4
9.Qc2 h5 10.Be5 f6 11.d5 fxe5 12.Qxe4 Qf6 13.h4 g4 14.Qxe5 Bxc3+ 15.bxc3 Qxe5
16.Nxe5 exd5 17.cxd5 Bxd5 18.Ng6 Rh6 19.Nf4 Bf7 20.Bd3 Nc6 21.O-O O-O-O 22.Rfd1 Ne5
23.Ba6+ Kb8 24.a4 c6 25.Rd4 d5 26.c4 c5 27.Rd2 d4 28.exd4 Nxc4 29.Bxc4 Bxc4
30.d5 Rf6 31.Nxh5 Rf5 32.Ng3 Rfxd5 33.Rc2 Bd3 34.Rc3 c4 35.h5 a6 36.Re1 b5
37.axb5 axb5 38.Ra3 b4 39.Ra4 Rb5 40.h6 b3 41.Nf1 b2 42.Nd2 c3  0-1

[Event "chess.com Speed 2019"]
[Site "chess.com INT"]
[Date "2019.12.04"]
[Round "2.23"]
[White "Nakamura,Hi"]
[Black "Duda,J"]
[Result "1/2-1/2"]
[WhiteElo "2745"]
[BlackElo "2730"]

1.Nf3 Nf6 2.d4 b6 3.e3 Bb7 4.Bd3 e6 5.O-O c5 6.Nbd2 cxd4 7.exd4 Be7 8.c3 O-O
9.Re1 d6 10.Ne4 Nbd7 11.Qe2 Nxe4 12.Bxe4 Bxe4 13.Qxe4 Nf6 14.Qe2 h6 15.h3 Qd7
16.Bf4 Rfc8 17.a4 a6 18.Bg3 Bf8 19.Nd2 b5 20.axb5 axb5 21.Ne4 Nxe4 22.Qxe4 d5
23.Qg4 b4 24.Rxa8 Rxa8 25.Be5 b3 26.Re3 Ra1+ 27.Kh2 Rb1 28.Rg3 f6 29.Bxf6 Rxb2
30.Rf3 Bd6+ 31.Be5 Bxe5+ 32.dxe5 Rc2 33.Qg6 Re2 34.Rf4 Rxe5 35.Rb4 Qc7 36.Qg3 Kh7
37.Rxb3 Qc4 38.Qxe5 Qxb3 39.Qxe6 Qxc3 40.Qf5+ Kh8 41.Qxd5 Qc7+ 42.g3 Qa7
43.Qf5 Qb8 44.Qf3 Qd8 45.Kg2 Qe8 46.Qe3 Qb8 47.Qf3 Qc8 48.Qf4 Qa8+ 49.Kh2 Qc8
50.h4 Qd8 51.Qf5 Qa8 52.Qe5 Qf8 53.Qe3 Qa8 54.Qf4 Qc8 55.h5 Qe8 56.g4 Qa8
57.Kg3 Qd8 58.Qe4 Qd6+ 59.Kg2 Qd8 60.Qf5 Qe7 61.Qc8+ Kh7 62.Qc2+ Kh8 63.Qc6 Qd8
64.Qe6 Qa8+ 65.Kh2 Qf8 66.Qe3 Qb8+ 67.Kg2 Qc8 68.Kg3 Qb8+ 69.f4 Qc8 70.Qd3 Qb8
71.Qd4 Qb3+ 72.Kh4 Qb1 73.Qe3 Qh1+ 74.Kg3 Qa8 75.g5 hxg5 76.fxg5 Qb8+ 77.Qf4 Qb3+
78.Kg4 Qe6+ 79.Kg3 Qe1+ 80.Kh3 Qe6+ 81.Qg4 Qe3+ 82.Qg3 Qe6+ 83.Qg4 Qe3+ 84.Kg2 Qd2+
85.Kg3 Qe3+ 86.Kh2 Qd2+ 87.Kh1 Qe1+ 88.Kg2 Qd2+ 89.Kf1 Qd3+ 90.Ke1 Qe3+ 91.Kf1 Qd3+
92.Qe2 Qh3+ 93.Kg1 Qg3+ 94.Qg2 Qe1+ 95.Kh2  1/2-1/2

[Event "chess.com Speed 2019"]
[Site "chess.com INT"]
[Date "2019.12.04"]
[Round "2.22"]
[White "Duda,J"]
[Black "Nakamura,Hi"]
[Result "0-1"]
[WhiteElo "2730"]
[BlackElo "2745"]

1.e4 e5 2.Nf3 Nc6 3.Bb5 a6 4.Ba4 d6 5.O-O Bd7 6.d4 Nf6 7.Re1 b5 8.Bb3 h6
9.c3 Be7 10.Nbd2 O-O 11.Nf1 Re8 12.h3 Bf8 13.Ng3 Na5 14.Bc2 c5 15.d5 Nc4
16.b3 Nb6 17.Be3 g6 18.Qd2 Kh7 19.Kh2 Bg7 20.Qe2 a5 21.a4 b4 22.c4 Rf8 23.Nf1 Qc7
24.g4 Rae8 25.Ng3 Ng8 26.Rg1 Ne7 27.Rg2 Bc8 28.Rh1 Rg8 29.Kg1 Rh8 30.Ne1 Kg8
31.Nd3 Kf8 32.Kf1 g5 33.h4 f6 34.Qf3 Kg8 35.Nh5 Rf8 36.Nxg7 Kxg7 37.hxg5 fxg5
38.Qg3 Ng6 39.Rgh2 Nd7 40.Ke1 Nf6 41.f3 Nf4 42.Kd2 Qe7 43.Nf2 Bd7 44.Nd1 Be8
45.Qg1 Bg6 46.Bf2 Rh7 47.Ne3 Rfh8 48.Be1 Kf8 49.Kc1 Ke8 50.Bd2 Kd8 51.Kb1 Kc8
52.Nd1 Kb7 53.Nf2 Kb8 54.Nd3 Nd7 55.Bc1 Nxd3 56.Bxd3 Qf6 57.Rh3 Nb6 58.R1h2 Nc8
59.Qh1 Be8 60.Be2 Ne7 61.Bd1 Kc8 62.Be3 Kb8 63.Ka2 Qg7 64.Be2 Qf6 65.Bd1 Qg7
66.Be2 Nc8 67.Qg1 Qe7 68.Qc1 Bg6 69.Qh1 Qf8 70.Bd1 Kb7 71.Qg1 Nb6 72.Qh1 Na8
73.Qg1 Nc7 74.Qh1 Ne8 75.Qe1 Nf6 76.Qh1 Kb8 77.Bc2 Nd7 78.Bd1 Nb6 79.Be2 Nc8
80.Bxg5 hxg5 81.Rxh7 Rxh7 82.Rxh7 Bxh7 83.Qxh7 Qf4 84.Kb1 Qd2 85.Qh2 Qe1+
86.Ka2 Qd2+ 87.Kb1 Kb7 88.Qf2 Ne7 89.Qf1 Ng6 90.Qd1 Qc3 91.Bd3 Nf4 92.Bc2 Qe3
93.Qh1 Ne2 94.Kb2 Qd2 95.Kb1 Nd4 96.Bd1 Kb6 97.Qg1 Qd3+ 98.Kb2 Qc3+ 99.Ka2 Qc1
100.Qh2 Qxd1  0-1

[Event "chess.com Speed 2019"]
[Site "chess.com INT"]
[Date "2019.12.04"]
[Round "2.21"]
[White "Nakamura,Hi"]
[Black "Duda,J"]
[Result "1/2-1/2"]
[WhiteElo "2745"]
[BlackElo "2730"]

1.e4 e6 2.Nc3 d5 3.d4 dxe4 4.Nxe4 Bd7 5.Nf3 Bc6 6.Bd3 Nd7 7.O-O Ngf6 8.Qe2 Be7
9.Re1 Bxe4 10.Bxe4 Nxe4 11.Qxe4 c6 12.Qg4 O-O 13.c3 Nf6 14.Qg3 Bd6 15.Qh3 Nd5
16.Ng5 h6 17.Ne4 Bf4 18.Bxf4 Nxf4 19.Qg3 Nh5 20.Qf3 Nf6 21.Nxf6+ Qxf6 22.Qxf6 gxf6
23.a4 Rfd8 24.a5 Rd5 25.b4 Rad8 26.g3 e5 27.dxe5 fxe5 28.Re3 f6 29.Kg2 Kf7
30.Re4 R8d7 31.Rc4 R7d6 32.Rh4 Kg6 33.Rg4+ Kf7 34.Rh4 f5 35.Re1 e4 36.g4 Rg6
37.Kf1 fxg4 38.Rxe4 h5 39.h3 gxh3 40.Rxh3 Rf6 41.Rhe3 Rd7 42.Kg2 Kg6 43.Rg3+ Kh6
44.Re8 Rg6 45.Rxg6+ Kxg6 46.a6 Kf5 47.axb7 Rxb7 48.Rc8 Rb6 49.Rc7 Ra6 50.Rh7 Kg6
51.Rd7 Kf5 52.Rd6 h4 53.b5 Ra5 54.bxc6 Rc5 55.Rd7 Rxc6 56.Rxa7 Rxc3 57.Ra4 h3+
58.Kh2 Rf3 59.Ra2 Kg4 60.Rb2 Rf4 61.Rc2 Rf3 62.Rd2 Rf4 63.Ra2 Rf3 64.Ra4+ Rf4
65.Ra2 Rf3  1/2-1/2

[Event "chess.com Speed 2019"]
[Site "chess.com INT"]
[Date "2019.12.04"]
[Round "2.20"]
[White "Duda,J"]
[Black "Nakamura,Hi"]
[Result "0-1"]
[WhiteElo "2730"]
[BlackElo "2745"]

1.e4 e5 2.Nf3 Nc6 3.Bb5 d6 4.O-O a6 5.Ba4 Bd7 6.d4 Nf6 7.Bxc6 Bxc6 8.dxe5 dxe5
9.Nxe5 Qxd1 10.Rxd1 Bxe4 11.Re1 Be7 12.Nc3 Bxc2 13.Bf4 O-O 14.Rac1 Bf5 15.Nc6 Bd8
16.Ne7+ Bxe7 17.Rxe7 Rac8 18.Bxc7 Rfe8 19.Rxe8+ Rxe8 20.f3 Bd7 21.Bf4 Bc6
22.Kf2 Nd5 23.Nxd5 Bxd5 24.a3 Bc6 25.Rd1 f6 26.Rd4 Kf7 27.Be3 Rc8 28.Rh4 Bb5
29.Rd4 Rc2+ 30.Rd2 Rc8 31.h4 h5 32.Kg3 Rc4 33.Bf4 Bc6 34.Re2 g5 35.Bd6 Rxh4
36.Re7+ Kg6 37.Re6 Rc4 38.Bb4 h4+ 39.Kf2 Kf5 40.Rd6 g4 41.fxg4+ Rxg4 42.Bc3 Rxg2+
43.Kf1 h3 44.Rxf6+ Ke4 45.Rh6 Rg3 46.Kf2 Rf3+ 47.Kg1 Bd7 48.Rh4+ Ke3 49.Bd4+ Kd3
50.Bc3 Kc2 51.Rd4 Bc6 52.Kh2 Kb3 53.Rb4+ Ka2 54.Rc4 Bd7 55.Rd4 Rf2+ 56.Kg3 Rg2+  0-1

[Event "chess.com Speed 2019"]
[Site "chess.com INT"]
[Date "2019.12.04"]
[Round "2.12"]
[White "Duda,J"]
[Black "Nakamura,Hi"]
[Result "1/2-1/2"]
[WhiteElo "2730"]
[BlackElo "2745"]

1.e4 e5 2.Nf3 Nc6 3.Bc4 Bc5 4.O-O Nf6 5.d3 d6 6.c3 O-O 7.Nbd2 a5 8.Re1 h6
9.Nf1 Re8 10.h3 Be6 11.Bb5 Bd7 12.Ng3 Bb6 13.Ba4 Ne7 14.Bc2 Ng6 15.d4 c5
16.d5 c4 17.a4 Rc8 18.Rb1 Qc7 19.Nf1 Nf4 20.Be3 g5 21.N3d2 Kg7 22.Nxc4 Qxc4
23.Bxb6 Rg8 24.Bxa5 Kh8 25.Bb4 Qa6 26.Qd2 h5 27.b3 h4 28.f3 g4 29.fxg4 Bxg4
30.hxg4 Rxg4 31.Ne3 Rg3 32.Nf5 Qb6+ 33.Kh1 Rcg8 34.Bxd6 Rxg2 35.Qe3 Ng4 36.Bxe5+ Kh7
37.Qxb6 Rh2+ 38.Kg1 Rg2+ 39.Kh1 Rh2+ 40.Kg1  1/2-1/2

[Event "chess.com Speed 2019"]
[Site "chess.com INT"]
[Date "2019.12.04"]
[Round "2.11"]
[White "Nakamura,Hi"]
[Black "Duda,J"]
[Result "0-1"]
[WhiteElo "2745"]
[BlackElo "2730"]

1.e4 e5 2.Nf3 Nf6 3.Nxe5 d6 4.Nd3 Nxe4 5.Qe2 Qe7 6.Nf4 Nc6 7.c3 Nf6 8.d4 Bf5
9.Be3 d5 10.Nd2 O-O-O 11.O-O-O Qa3 12.Qb5 Qxa2 13.Bd3 Bxd3 14.Qxd3 Na5 15.Kc2 Qa4+
16.Kb1 Kb8 17.Nf3 Rd6 18.Nd2 Ra6 19.Qc2 Qa1+  0-1